| 000 | 00571nam a2200241 a 4500 | ||
|---|---|---|---|
| 001 | nice12345678 | ||
| 003 | IN_TiNIC | ||
| 005 | 20260116014106.0 | ||
| 008 | 070813s2007 oxfa grp 000 0 eng | ||
| 020 |
_a1851683461 _c195 |
||
| 082 | 0 | 0 |
_a335.4 _bCOL |
| 100 | _aCollier, Andrew | ||
| 245 | _aMarx | ||
| 260 |
_aOxford _bOne World Publications _c2007 |
||
| 300 | _a170p | ||
| 500 | _aincludes index and biblioraphy | ||
| 505 | 2 | _abiblio, index | |
| 650 | _aMarxism | ||
| 700 | 1 | _aCollier, Andrew | |
| 902 | _bSRS | ||
| 942 | _cBK | ||
| 999 |
_c13841 _d13841 |
||